Cost of living wage adjustments in collective bargaining; (Record no. 36737)
[ view plain ]
| 000 -LEADER | |
|---|---|
| fixed length control field | 01003cam a22002651 4500 |
| 001 - CONTROL NUMBER | |
| control field | l 51000112 |
| 003 - CONTROL NUMBER IDENTIFIER | |
| control field | DLC |
| 005 - DATE AND TIME OF LATEST TRANSACTION | |
| control field | 20260227111542.0 |
| 008 - FIXED-LENGTH DATA ELEMENTS--GENERAL INFORMATION | |
| fixed length control field | 820823s1951 dcu 000 0 eng c |
| 010 ## - LIBRARY OF CONGRESS CONTROL NUMBER | |
| LC control number | l 51000112 |
| 035 ## - SYSTEM CONTROL NUMBER | |
| System control number | (OCoLC)8712128 |
| 040 ## - CATALOGING SOURCE | |
| Original cataloging agency | U.S. Dept. of Labor. Library |
| Transcribing agency | MBU |
| Modifying agency | DLC |
| 042 ## - AUTHENTICATION CODE | |
| Authentication code | premarc |
| 050 00 - LIBRARY OF CONGRESS CALL NUMBER | |
| Classification number | LAW <United States 8 Bureau of Labor Statistics> |
| 082 ## - DEWEY DECIMAL CLASSIFICATION NUMBER | |
| Classification number | 331.2154 |
| 110 1# - MAIN ENTRY--CORPORATE NAME | |
| Corporate name or jurisdiction name as entry element | United States. |
| Subordinate unit | Bureau of Labor Statistics. |
| 245 10 - TITLE STATEMENT | |
| Title | Cost of living wage adjustments in collective bargaining; |
| Remainder of title | recent developments, texts of selected escalator clauses, brief description of the Consumer's price index. |
| Statement of responsibility, etc. | [Prepared in the Bureau's Division of Industrial Relations by Nelson M. Bortz and James C. Nix] |
| 250 ## - EDITION STATEMENT | |
| Edition statement | Rev. |
| 260 ## - PUBLICATION, DISTRIBUTION, ETC. | |
| Place of publication, distribution, etc. | [Washington] |
| Date of publication, distribution, etc. | 1951. |
| 300 ## - PHYSICAL DESCRIPTION | |
| Extent | 20 p. |
| Dimensions | 27 cm. |
| 500 ## - GENERAL NOTE | |
| General note | Cover title. |
| 650 #0 - SUBJECT ADDED ENTRY--TOPICAL TERM | |
| Topical term or geographic name entry element | Wages |
| General subdivision | Cost-of-living adjustments |
| Geographic subdivision | United States. |
| 700 1# - ADDED ENTRY--PERSONAL NAME | |
| Personal name | Bortz, Nelson Markley. |
| 700 1# - ADDED ENTRY--PERSONAL NAME | |
| Personal name | Nix, James Charles. |
No items available.